| 000 | 00640nam a2200253 a 4500 | ||
|---|---|---|---|
| 005 | 20210219152907.0 | ||
| 008 | 991125n 000 0 eng u | ||
| 035 | _aUPN01000066027 | ||
| 100 | _aGlaser, John P. | ||
| 222 | _aEXECUTIVE EDUCATOR | ||
| 245 | _aBetter Bargaining | ||
| 300 | _a22-24 | ||
| 362 | _a1991 13, No. 12 | ||
| 505 | _aAbril 1992 | ||
| 653 | 0 | _aADIESTRAMIENTO | |
| 653 | 0 | _aESCUELAS PUBLICAS | |
| 653 | 0 | _aNEGOCIACION COLECTIVA | |
| 653 | 0 | _aRELACIONES LABORALES | |
| 653 | 0 | _aRESOLUCION DE PROBLEMAS | |
| 653 | 0 | _aSINDICATOS | |
| 700 | _aTamm, James W. | ||
| 904 |
_aAC _b003838 |
||
| 905 | _aArticulo | ||
| 999 |
_c63255 _d63255 |
||